000 00390nam a2200157Ia 4500
008 230917s9999||||xx |||||||||||||| ||und||
040 _e1012
_aMAIN
041 _aEnglish
082 _a589.2, W394I
100 _aWebster, John
245 0 _aIntroduction to fungi
250 _a2nd ed.
260 _aCambridge
_bCambridge University Press
_c1993
300 _axii, 669p p.
942 _cOB
999 _c232775
_d232775